| 000 | 00762nam a2200229 u 4500 | ||
|---|---|---|---|
| 005 | 20240924071311.0 | ||
| 008 | 151109s2007 r 000 0 eng d | ||
| 020 | _a9789705802744 | ||
| 035 | _aUPN01000206607 | ||
| 049 | _aI | ||
| 050 | 4 |
_aPZ71 _bH4.68 |
|
| 100 | 1 |
_aHee-Jeong, Jang _938238 |
|
| 245 | 1 | 1 |
_a¡Quítate de ahí! / _cJang Hee-Jeong ; il. de Jeong Seong-Hwa. |
| 260 |
_aMéxico : _bAltea, _c2007. |
||
| 300 |
_a[36] p. : _bil. col. |
||
| 440 | 0 | _aTan tan, cuentos de matemáticas | |
| 500 | _aA la cabeza de la portada dice: "Nivel 1, Espacios y formas, Formas básicas" | ||
| 534 |
_pTítulo original: _tLift Up Your Bottom |
||
| 650 | 7 |
_aLibros ilustrados para niños _2 _921365 |
|
| 650 | 4 |
_aLiteratura infantil _94445 |
|
| 905 | _aInfantil | ||
| 999 |
_c178708 _d178708 |
||